Electricity magnetism and electromagnetic theory / (Record no. 101655)
[ view plain ]
| 000 -LEADER | |
|---|---|
| fixed length control field | 00642nam a22002057a 4500 |
| 003 - CONTROL NUMBER IDENTIFIER | |
| control field | BD-ChCU |
| 005 - DATE AND TIME OF LATEST TRANSACTION | |
| control field | 20230305140052.0 |
| 008 - FIXED-LENGTH DATA ELEMENTS--GENERAL INFORMATION | |
| fixed length control field | 230305b ii ||||| |||| 00| 0 eng d |
| 020 ## - INTERNATIONAL STANDARD BOOK NUMBER | |
| International Standard Book Number | 9781259004599 |
| 040 ## - CATALOGING SOURCE | |
| Transcribing agency | BD-ChCU |
| 082 ## - DEWEY DECIMAL CLASSIFICATION NUMBER | |
| Edition number | 22 |
| Classification number | 537 |
| Item number | M214e |
| 100 ## - MAIN ENTRY--PERSONAL NAME | |
| 9 (RLIN) | 317 |
| Personal name | Mahajan,Shobhit |
| 245 ## - TITLE STATEMENT | |
| Title | Electricity magnetism and electromagnetic theory / |
| Statement of responsibility, etc. | Shobhit Mahajan and S. Rai Choudhury. |
| 260 ## - PUBLICATION, DISTRIBUTION, ETC. | |
| Place of publication, distribution, etc. | New Delhi : |
| Name of publisher, distributor, etc. | Tata Mcgraw-Hill, |
| Date of publication, distribution, etc. | c2012. |
| 300 ## - PHYSICAL DESCRIPTION | |
| Extent | 589 P. : |
| 504 ## - BIBLIOGRAPHY, ETC. NOTE | |
| Bibliography, etc. note | Includes bibliographical references and index |
| 650 #0 - SUBJECT ADDED ENTRY--TOPICAL TERM | |
| 9 (RLIN) | 319 |
| Topical term or geographic name entry element | Electricity, Electricity. |
| 700 ## - ADDED ENTRY--PERSONAL NAME | |
| 9 (RLIN) | 320 |
| Personal name | Choudhury, S.Rai. |
| 942 ## - ADDED ENTRY ELEMENTS (KOHA) | |
| Source of classification or shelving scheme | Dewey Decimal Classification |
| Koha item type | Books |
| Suppress in OPAC | No |
| Withdrawn status | Lost status | Source of classification or shelving scheme | Damaged status | Not for loan | Home library | Current library | Date acquired | Source of acquisition | Total Checkouts | Full call number | Barcode | Date last seen | Price effective from | Koha item type | Shelving location | Copy number |
|---|---|---|---|---|---|---|---|---|---|---|---|---|---|---|---|---|
| Dewey Decimal Classification | Chittagong University Library | Chittagong University Library | 03/05/2023 | purchase | 537 M214e | 326286 | 03/05/2023 | 03/05/2023 | Books | |||||||
| Dewey Decimal Classification | Chittagong University Library | Chittagong University Library | 10/14/2025 | purchase | 537 M214e | 342901 | 10/14/2025 | 10/14/2025 | Books | Science Reading Room | C-2 | |||||
| Dewey Decimal Classification | Chittagong University Library | Chittagong University Library | 10/14/2025 | purchase | 537 M214e | 342902 | 10/14/2025 | 10/14/2025 | Books | Science Reading Room | C-3 | |||||
| Dewey Decimal Classification | Chittagong University Library | Chittagong University Library | 10/14/2025 | purchase | 537 M214e | 342903 | 10/14/2025 | 10/14/2025 | Books | Science Reading Room | C-4 |